000
00262nam a2200109Ia 4500
008
220204s9999 xx 000 0 und d
082
_a
82-3GAL
_b
GAL
100
_a
Galsworthy, John
245
0
_a
Forsyte saga etc
260
_a
London
_b
Heinemann
_c
1976
942
_c
BK
999
_c
30591
_d
30591